00800nam a2200241 a 4500001001000000005001700010008004100027020001500068041001100083044000700094050002400101245007700125260002900202300004900231500003500280500004200315504003100357546003400388600003200422651003400454651003400488700003600522BRCA_440620190320204647.0990414s1998 mx-ab#####---#000-0dspa-# a9688067970 aspaeng amx 4aF1233.J8b.J83 199810aJuárezbmemoria e imagenctextos por Andrés Henestrosa ... [et al.]. aMéxicobHaciendac1998 a319 p.bil. (algunas a color), mapasc34 cm. aIncluye índice fotográfico aColección Sonia Corcuera de Mancera aBibliografía: p. 247-249 aTexto en español e inglés14aJuárez, Benitod1806-1872 4aMéxicoxHistoriay1821-1861 4aMéxicoxHistoriay1867-19101 aHenestrosa, Andrésd1906-2008